Guess The American Brands! #10 - Statistics

General Stats
  • This quiz has been taken 39 times
  • The average score is 16 of 20
Answer Stats
Picture Answer % Correct
Batman
100%
Dominos
100%
Air Jordan
95%
Hulu
95%
NFL
95%
Chipotle
87%
Mattel
87%
Mountain Dew
87%
NASA
87%
Airbnb
84%
Duff
84%
Elmo
82%
Exxon
79%
Roblox
76%
Panda Express
74%
Jack Daniels
71%
Chips Ahoy
68%
Heinz
68%
Harvard
63%
Haagen Dazs
55%
No matching quizzes found
Score Distribution
Percent of People with Each Score
Percentile by Number Answered
Your Score History
You have not taken this quiz